000 00441nam a2200169Ia 4500
008 180921t2017 xxu||||| |||| 00| 0 sin d
041 _asin
080 _a37
_bJAY
100 _aJayaweera,A.M.S.
245 _aපාසලෙන් රැකියා ලොවට
246 _aPasalen Rakiya Lowata
260 _bGodage
_aColombo
_c2017
300 _b135p, 25cm
942 _cBK
999 _c2688
_d2688
003 LK-CoDNM
040 _aLK-CoDNM
_dLK-CoDNM
_eLK-CoDNM